Stranger Things Trivia #D - Statistics

General Stats
  • This quiz has been taken 57 times
  • The average score is 10 of 15
Answer Stats
Hint Answer % Correct
Curly-haired, science-loving kid with a lisp and a signature baseball cap Dustin Henderson
95%
What does D&D stand for? Dungeons & Dragons
93%
Creators of the series Duffer Brothers
91%
Either Dipshit or Delightful Derek
89%
What the above names his new pet he finds in the trash Dart
86%
The flying version of that monster Demobats
75%
The name the kids give to a monster, inspired by D&D Demogorgon
73%
Name of an iconic Season 4 Episode, and opening line of Max' letter to her brother Dear Billy
70%
Actress of Nancy Wheeler (surname) Natalia Dyer
66%
Arcade game, Madmax is holding the record in Dig Dug
52%
Elderly Hawkins resident, visited by Nancy in the hospital, under the influence of the Mind Flayer Doris Driscoll
48%
Which is short for? D'Artagnan
39%
Hopper has three rules for Eleven: the "__ __ __ rules" Dont be stupid
36%
__ __ __ __ __ __ is a song by Ella Fitzgerald and Louis Armstrong. When its played on Victor Creel's radio, it provided a 'lifeline to reality' which helped him escape the psychic manipulations of his son. Dream a little dream of me
30%
One of the kids taken by Vecna, friend of Holly Debbie Miller
14%
No matching quizzes found
Score Distribution
Percent of People with Each Score
Percentile by Number Answered
Your Score History
You have not taken this quiz